000 01780cam a22005054i 4500
003 PE-LiUPU
005 20250731184526.0
008 s1991 nyu r 000 0 eng d
035 _a(Sirsi) a204301
040 _aPE-LiUPU
_bspa
_cPE-LiUPU
_erda
049 _aPRUA
082 0 4 _a973.92
_bB38
_221
100 1 _aBellah, Robert N.,
_eautor.
245 1 4 _aThe Good society /
_cRobert N. Bellah y otros cuatro.
264 1 _aNew York :
_bVintage,
_c1991.
300 _a347 páginas ;
_c20 centímetros.
336 _atext
_2rdacontent
337 _aunmediated
_2rdamedia
338 _avolume
_2rdacarrier
505 2 _aMaking sense of it -- The rise and fal of the american century -- The political economy: market and work -- Government, law, and politics -- Education: technical and moral -- The public church -- America in the world -- Conclusion: democracy means paying attention.
526 _aP136
526 _aP135
526 _aP134
526 _aP133
526 _aP144
526 _aP143
526 _aP87
526 _aP35
526 _aP20
526 _aP14
526 _aP10
526 _aP06
650 0 4 _aEstados Unidos
_xCivilización.
650 0 4 _aEstados Unidos
_xCondición económica
650 0 4 _aVida religiosa
700 1 _aSullivan, William M.,
_eautor.
700 1 _aSwidler, Ann,
_eautor.
700 1 _aTipton, Steven M.,
_eautor.
700 1 _aMadsen, Richard,
_eautor.
942 _2ddc
_cBOOK
994 _aC0
_bPEPRU
596 _a1
999 _a973.92 B38
_wLC
_c20670
_i76075
_f2021-11-12
_g4
_lCCODEBUL1
_mBUL
_p10.00
_r0
_sY
_tBOOK
_u2017-6-7
_xTEOLOGIA
_PP85
_0COMPRA
_o.STAFF. Colección Teología
_d20670
980 _81
_gALBERTO SANCHEZ Responsable de Automatización